Geography Multiple Choice - Statistics

General Stats
  • This quiz has been taken 45 times
  • The average score is 8 of 10
Answer Stats
Question Answer % Correct
Mount Everest is in which mountain range? Himalayas
100%
Which city is in Russia? Vladivostok
100%
What is the capital of Poland? Warsaw
100%
Which one is NOT an official language of Switzerland? English
83%
Which state borders Maine? New Hampshire
83%
Which country does NOT have territory on the island of Borneo? Philippines
67%
Which country borders Norway? Russia
67%
How many countries are recognised by the UN? 195
50%
How many countries are in Africa? 54
50%
Which country is larger than Dominica? Kiribati
50%
No matching quizzes found
Score Distribution
Percent of People with Each Score
Percentile by Number Answered
Your Score History
You have not taken this quiz